Direct Taxes : Law & Practice (Record no. 481377)

MARC details
000 -LEADER
fixed length control field 00809nam a2200265Ia 4500
008 - FIXED-LENGTH DATA ELEMENTS--GENERAL INFORMATION
fixed length control field 100315s9999 xx 000 0 und d
020 ## - INTERNATIONAL STANDARD BOOK NUMBER
International Standard Book Number 978-81-7194-456-9 
040 ## - CATALOGING SOURCE
Transcribing agency ENGLISH 
082 ## - DEWEY DECIMAL CLASSIFICATION NUMBER
Item number 6642 
Classification number 343.05 
100 ## - MAIN ENTRY--PERSONAL NAME
Personal name "Singhania, Vinod K., Singhania,Kapil "
245 ## - TITLE STATEMENT
Title Direct Taxes : Law & Practice
250 ## - EDITION STATEMENT
Edition statement 39th 
260 ## - PUBLICATION, DISTRIBUTION, ETC. (IMPRINT)
Place of publication, distribution, etc New Delhi 
Name of publisher, distributor, etc Taxmann  
Date of publication, distribution, etc 2007 
300 ## - PHYSICAL DESCRIPTION
Extent 1415p 
365 ## - TRADE PRICE
Price note Rupees 
Unit of pricing
Price amount 472.50 
366 ## - TRADE AVAILABILITY INFORMATION
Publishers' discount category 10 
505 ## - FORMATTED CONTENTS NOTE
Miscellaneous information Rashmi Bhutkar 
530 ## - ADDITIONAL PHYSICAL FORM AVAILABLE NOTE
Availability source BG-(Pranaya Book Services) 164/02-07-2008 
Additional physical form available note 164/02-07-2008 
536 ## - FUNDING INFORMATION NOTE
Text of note 01/04/2008-31/03/2009 
620 ## -
-- "Income-tax, Wealth tax, Tax planning "
630 ## - SUBJECT ADDED ENTRY--UNIFORM TITLE
Uniform title Direct Taxes : Law & Practice
650 ## - SUBJECT ADDED ENTRY--TOPICAL TERM
Topical term or geographic name as entry element Taxes 
730 ## - ADDED ENTRY--UNIFORM TITLE
Uniform title Direct Taxes : Law & Practice
942 ## - ADDED ENTRY ELEMENTS (KOHA)
Koha item type Book
Holdings
Withdrawn status Lost status Damaged status Not for loan Home library Current library Date acquired Cost, normal purchase price Total Checkouts Full call number Barcode Date last seen Price effective from Koha item type
        Dr. V. N. Bedekar Institute of Management Studies Library Dr. V. N. Bedekar Institute of Management Studies Library 06/25/2008 525.00   343.05 /SIN/SIN  6642  VPMBRIMS-6642  03/19/2010 03/19/2010 Book